| 000 | 00785nam a22002291a 4500 | ||
|---|---|---|---|
| 003 | OSt | ||
| 005 | 20110718133203.0 | ||
| 008 | 091005s1996 ilu 001 0 eng d | ||
| 020 | _c0.00 | ||
| 040 |
_aNEGST Library - Kenya _bDLC _cDLC _dDLC |
||
| 050 | 4 | _aREF BS 325.M84 1996 | |
| 100 | 1 |
_aBible League (South Holland, Ill.) _98054 |
|
| 245 | 1 | 0 |
_aZooz o joowo : _bMurle: Genesis and the New Testament in the Murle language of Sudan |
| 260 |
_aSouth Holland, IL : _bBible League, _c1996. |
||
| 300 | _a730 p. : ill., m. | ||
| 500 | _aMaps on end papers. [Africana] | ||
| 600 | 1 | 0 |
_aBible. N.T. Murle. 1996. _98055 |
| 600 | 1 | 0 |
_aBible. Genesis. Murle. 1996. _98056 |
| 600 | 1 | 0 |
_aMurle language - Texts. _98057 |
| 942 |
_2lcc _cBK |
||
| 999 |
_c40164 _d40164 |
||